000 00304nam a2200133Ia 4500
008 150201s2006 xx 000 0 und d
082 _a616.07
_bV06P
100 _aPUNIA,RAJPAL
245 _aVIVA IN PATHOLOGY
250 _a1ST
260 _bAITBS
_aDELHI
_c2006
650 _aPATHOLOGY
942 _2ddc
_cBK
_06
999 _c690
_d690